000 00382nam a2200133Ia 4500
008 210430s9999 xx 000 0 und d
020 _a969-516-155-3
082 _a541.3422 L112 C
100 _aJean Claude Labbe
_952153
245 _aChemistry of Aqueous Solutions Electrochemistry
_cJean Claude Labbe
260 _aISLAMABAD
_bAlhamra
_c2004
300 _a183p
942 _cBK
_2ddc
999 _c562273
_d562273